• 首页
  • 本馆介绍
  • 公告通知
  • 最新文献
  • 馆藏检索
  • 电子资源
  • 读者荐购
  • 参考咨询
  • CALIS
  • 我的图书馆
  • 登录
  • 详细信息显示
  • 放入我的书架
  • 预约/预借图书
  • 作者相关作品
  • 分类相关作品
  • 丛书相关作品
  • 出版社相关作品

书目信息

  • 表格格式
  • 工作单格式
  • 卡片格式
题名:
现代管理学基础
    
 
作者: 陈英武 , 李孟军 主编
分册:  
出版信息: 长沙   国防科技大学出版社  2007.04
页数: 373页
开本: 20cm
丛书名:
单 册:
中图分类: C93
科图分类:
主题词: 管理学
电子资源:
ISBN: 7-81099-411-5
 
 
 
 
 
000 00610nam0 2200205 450
001 1833589963
005 20180523092107.25
010    @a7-81099-411-5@dCNY35.00
100    @a20180523d2007 km y0chiy0120 ea
101 0  @achi
102    @aCN@b430000
200 1  @a现代管理学基础@Axian dai guan li xue ji chu@f陈英武, 李孟军主编@Fchen ying wu,li meng jun zhu bian
210    @a长沙@c国防科技大学出版社@d2007.04
215    @a373页@d20cm
606 0  @a管理学
690    @aC93@v4
701  0 @a陈英武@Achen ying wu@4主编
701  0 @a李孟军@Ali meng jun@4主编
801  0 @aCN@bMUSE@c20180523
905    @aMUSE@dC93@eC627
    
    现代管理学基础/陈英武, 李孟军主编.-长沙:国防科技大学出版社,2007.04
    373页;20cm
    
    
    ISBN 7-81099-411-5:CNY35.00
    
●
相关链接 在E读中查询图书 在当当中查询图书 在豆瓣中查询图书


正题名:现代管理学基础     索取号:C93/C627         预约/预借

序号 登录号 条形码 馆藏地/架位号 状态 备注
1 1309286   213092865   社科库509/509社科库 63排2列2层/ [索取号:C93/C627] 在馆    
河南城建学院图书馆 欢迎您!
大连网信软件有限公司© 版权所有